000 00510cam a2200193ua 4500
020 _a81-203-1539-1
_c595.00
041 _aeng
_h
082 _a005.13
_bLAD/US
100 _aLadd, Eric .
245 _aUsing HTML 4, XML and Java 1.2 /
_cEric Ladd.
_hTextual Documents
250 _a1 /
_b.
260 _aNew Delhi :
_bPrentice Hall of India Pvt Ltd. ,
_c2000.
300 _a1282 ;
_eCD ROM.
365 _a595.00
504 _a
700 1 _aODonnel, Jim .
942 _cBK
999 _c5574
_d5574